000 00664cam a2200253 4500
001 J3956
008 090401t1996 xxu||||| |||| 00| 0 eng d
035 _a(Sirsi) u57676
041 _aeng
050 _a333.336016
110 _aStrutt & Parker
_92509
245 4 _aThe business park index. - September 1996
260 _aLondon
_bStrutt & Parker
_c1996
300 _a(9)p. ; 30cm.
350 _a0
650 _aBUSINESS PARK INDEX
650 _aBUSINESS PARKS
650 _aOFFICE PARKS
650 _aPROPERTY INDICES
690 _aPROPERTY-COMMERCIAL PROPERTY
710 _aInvestment Property Databank
_92288
942 _n0
948 _c04/03/1997
999 _c93961
_d93961